|
|
|
|
| LEADER |
00000nab a2200000 ar4500 |
| 001 |
vtls009157063 |
| 003 |
SK-MaSNL |
| 005 |
20260303064405.0 |
| 008 |
071107c2007 xo mr|p|||||||000 b|slo |
| 015 |
|
|
|a SNBRB2007/10
|2 snkbucl
|
| 038 |
|
|
|a SNKBUCL
|
| 040 |
|
|
|a SNKBUCL
|b slo
|c SNKBUCL
|e AACR2
|
| 041 |
0 |
|
|a slo
|
| 044 |
|
|
|a xo
|c SK
|
| 080 |
|
|
|a 629.352
|2 2001
|
| 245 |
0 |
0 |
|a Tichý malý nákladiak v teréne i na diaľnici
|b test Mazda BT-50 2,5 MZR-CD Double Cab 4x4
|
| 300 |
|
|
|b Fotogr., tab.
|
| 650 |
0 |
7 |
|a Mazda BT-50 (úžitkový automobil)
|2 snkbucl
|9 1051778
|
| 650 |
0 |
7 |
|a úžitkové automobily
|2 snkbucl
|9 705101
|
| 773 |
0 |
|
|t Doprava a logistika
|g Roč. 2., č. 10 (2007), s. 35
|x 1337-0138
|
| 852 |
|
|
|a SNK
|b KIS3GCP
|
| 999 |
|
|
|c 1746930
|d 1748860
|